000 01051nam a2200265Ia 4500
003 OSt
005 20220923211220.0
006 a|||||r|||| 00| 0
007 ta
008 220922b |||||||| |||| 00| 0 hin d
020 _a9788126726752 (hbk)
_c500
024 _a284,544
037 _bBR8586, 30/03/2015, Rajkamal Prakashan Pvt. Ltd
_cTextual
040 _aARTS
_cARTS
_bhin
041 _2hin
_ahin
082 _aAw1, 152Q5
100 _aमुले, गुणाकर
_9156291
245 0 _aएशिया के महान वैज्ञानिक
_b प्राचीन और अर्वाचीन
246 _aEshiyā ke hinān vaijnyānika: prāchīn aur arvāchīna
260 _aनयी दिल्ली
_b राजकमल प्रकाशन
_c2015
300 _a287पृ.
_ccm.
650 _aएशिया-वैज्ञानिक
_9159803
942 _hAw1, 152Q5
_cTEXL
_2CC
999 _c297077
_d297077